Czech foresight as positive analogy for Slovakia
Predvídanie (foresight) v Českej republike. Prvý národný foresight v Česku. Zhrnutie foresight iniciatív v Čechách. Foresight v Slovenskej republike. Iné špecifické foresighty na Slovensku. Analytické celokrajinné porovnanie a zhrnutie odporúčaní pre slovenský foresight.
Enregistré dans:
| Auteur principal: | |
|---|---|
| Format: | Chapitre de livre |
| Langue: | anglais |
| Sujets: | |
| Tags: |
Pas de tags, Soyez le premier à ajouter un tag!
|
MARC
| LEADER | 00000nla$a2200000$$$4500 | ||
|---|---|---|---|
| 001 | 0113914 | ||
| 005 | 20240502083302.6 | ||
| 041 | 0 | |a eng | |
| 044 | |a CZ | ||
| 245 | 1 | 0 | |a Czech foresight as positive analogy for Slovakia |c Recenzoval: Michal Pilík |
| 520 | |a Predvídanie (foresight) v Českej republike. Prvý národný foresight v Česku. Zhrnutie foresight iniciatív v Čechách. Foresight v Slovenskej republike. Iné špecifické foresighty na Slovensku. Analytické celokrajinné porovnanie a zhrnutie odporúčaní pre slovenský foresight. | ||
| 610 | 2 | 0 | |a predvídanie |
| 610 | 2 | 0 | |a Česko |
| 610 | 2 | 0 | |a Slovensko |
| 100 | 1 | |a Jemala, Marek | |